| 000 | 00683nam a22002057a 4500 | ||
|---|---|---|---|
| 999 |
_c6927 _d6927 |
||
| 003 | AR-CdUCM | ||
| 008 | 190319b ||||| |||| 00| 0 spa d | ||
| 040 |
_aMUNICIPALIDAD PROVINCIAL DEL CUSCO _cBIBLIOTECA MUNICIPAL DEL CUSCO |
||
| 082 |
_a869.56 / _bG62 |
||
| 100 |
_aGómez, Livio _914653 |
||
| 245 | _aEl poema y sus alrededores / | ||
| 260 |
_aTacna : _buniversidad nacional de Tacna, _c1977. |
||
| 300 |
_a22 páginas ; _c17 cm. |
||
| 650 |
_aPoesía peruana _9806 |
||
| 650 |
_aPoetas - Ancash _919521 |
||
| 650 |
_aSiglo XX _98 |
||
| 710 |
_aUniversidad Nacional de Tacna _tDepartamento de Ciencias Sociales y Humanidades _919522 |
||
| 942 |
_2ddc _cLIBROS |
||
| 945 | _alccs | ||